000 00525nam a2200145Ia 4500
008 210716s2012 xx 000 0 und d
020 _a9789350237366
041 _aeng
082 _a005.1372 CAMJ
100 _aCampbell, Jennifer; Gries, Paul; Montojo, Jason; Wilson, Greg.
245 _aPractical programming: an introduction to computer science using python.
_bIntroduction to computer science using python.
250 _a1
260 _aNew Delhi
_bShroff Publishers and Distributors Pvt Ltd
_c2012
300 _ax,363,2
999 _c193453
_d193453